000 00480ntaaa2200181 4500
003 01
005 20251027201917.0
008 0714s1973 ag 01
040 _aAR-BaBN
_bspa
_cAR-BaBN
_eaacr
_dRIC
082 _a244.1000 V42
100 _aVaretto, Juan C.
_97850
245 _aProfeta Daniel
250 _a1 ed. :
_bEditorial Evangélica Bautista,
_c1951
300 _a71 p.
500 _a"historias bíblicas para niños"
650 _aHistorias Bíblicas
_910167
942 _cBK
999 _c13806
_d13806